Paroles de la chanson "Les petits papiers" - Statistiques

Statistiques générales
  • Ce quiz a été pris 21 fois
  • Le résultat moyen est 16 sur 27
Statistiques - réponses
Texte Mot % Correct
Puissent-ils un soir, papier (...) buvard
100%
A l'occasion, papier (...) chiffon
94%
ou d'(...) Arménie
88%
Laissez (...) les p'tits papiers parler
76%
Un peu d'amour, papier (...) velours
76%
Laissez (...) les p'tits papiers brûler
71%
Papier de (...) riz
71%
C'est pas brillant, papier d'(...) argent
65%
Ou l'on en meurt, papier à (...) fleurs
65%
ça impressionne, papier (...) carbone
59%
est moitié (...) fou
59%
Machin, Machine, papier (...) Machine
59%
et d'esthétique, papier (...) musique
59%
Faut pas s'(...) leurrer
53%
avant (...) longtemps
53%
c'est pas donné, papier (...) monnaie
53%
mais c'est du (...) vent
53%
les sentiments, papier (...) collant
47%
vous (...) consoler
47%
c'est du chagrin, papier (...) dessin
47%
Ou l'on s'en (...) fout
47%
Laissez (...) glisser
47%
vous (...) réchauffer
47%
Qu'un soir, ils puissent, papier (...) maïs
41%
celui qui touche, papier (...) tue-mouches
41%
papier (...) glacé
35%
papier (...) doré
29%
Aucun quiz correspondant
Distribution des résultats
% des personnes avec chaque résultat
Percentile par nombre de réponses
Votre historique - résultats
Vous n’avez pas pris ce quiz